Aquellos tiempos! : (Record no. 160147)

MARC details
000 -LEADER
campo de control de longitud fija 00683nam a22001695i 4500
001 - NÚMERO DE CONTROL
campo de control 160147
003 - IDENTIFICADOR DE NÚMERO DE CONTROL
campo de control ES-MaACL
005 - FECHA Y HORA DE LA ÚLTIMA TRANSACCIÓN
campo de control 20230906211942.0
008 - DATOS DE LONGITUD FIJA--INFORMACIÓN GENERAL
campo de control de longitud fija 940202s1875 sp |||| | spa d
040 ## - FUENTE DE CATALOGACIÓN
Centro catalogador/agencia de origen AR
Lengua de catalogación spa
100 1# - ENTRADA PRINCIPAL--NOMBRE DE PERSONA
Nombre de persona Morayta, Miguel (
Fechas asociadas al nombre 1834-1917)
9 (RLIN) 130147
245 10 - MENCIÓN DEL TÍTULO
Título Aquellos tiempos! :
Resto del título coloquios literarios, históricos y morales, o demostración de que los actuales tiempos, aunque malejos, valen más que los otros /
Mención de responsabilidad, etc. Miguel Morayta.
260 ## - PUBLICACIÓN, DISTRIBUCIÓN, ETC.
Lugar de publicación, distribución, etc. Madrid :
Nombre del editor, distribuidor, etc. [s.n.],
Fecha de publicación, distribución, etc. 1875 (
Fabricante Imp. de R. Bernardino y F. Cao)
300 ## - DESCRIPCIÓN FÍSICA
Extensión 237 p. ;
Dimensiones 19 cm.
651 #4 - PUNTO DE ACCESO ADICIONAL DE MATERIA--NOMBRE GEOGRÁFICO
Nombre geográfico España-
Subdivisión general Civilización.
9 (RLIN) 8163
852 ## - LOCALIZACIÓN
Ubicación ES-MaACL
Número de control de estantería C-3501
Nota libre - Enc. tela
-- - Legado M. de la Fuente
Holdings
Estatus retirado Estado de pérdida Estado de daño No para préstamo Colección Biblioteca de origen Biblioteca actual Ubicación en estantería Fecha de adquisición Fuente de adquisición Total de préstamos Signatura topográfica completa Código de barras Visto por última vez Precio de reemplazo Tipo de ítem Koha
        Libros del s. XIX Biblioteca del Ateneo de Madrid Biblioteca del Ateneo de Madrid Sala Palomar 17/01/2008     C-3501 1167665 23/02/2023 23/02/2023 Libro impreso antiguo